Manual de derecho político (Registro nro. 752)

Detalles MARC
000 -LEADER
fixed length control field 01514 a2200229 4500
001 - CONTROL NUMBER
control field 20915
005 - DATE AND TIME OF LATEST TRANSACTION
control field 20260407155500.0
008 - FIXED-LENGTH DATA ELEMENTS--GENERAL INFORMATION
fixed length control field 260407a2005 arg spa d
003 - CONTROL NUMBER IDENTIFIER
control field AR-UNSa-BCEJYS
040 ## - CATALOGING SOURCE
Original cataloging agency AR-UNSa-BCEJYS
Language of cataloging spa
Transcribing agency AR-UNSa-BCEJYS
080 ## - UNIVERSAL DECIMAL CLASSIFICATION NUMBER
Universal Decimal Classification number 342.1
Common auxiliary subdivision Estado. Pueblo. Nación. Poder del estado (Derecho político)
020 ## - INTERNATIONAL STANDARD BOOK NUMBER
International Standard Book Number 987-592-012-6
100 1# - MAIN ENTRY--PERSONAL NAME
Personal name López, Mario Justo
245 10 - TITLE STATEMENT
Title Manual de derecho político
250 ## - EDITION STATEMENT
Edition statement 3a. ed.
264 #1 - PRODUCTION, PUBLICATION, DISTRIBUTION, MANUFACTURE, AND COPYRIGHT NOTICE
Place of production, publication, distribution, manufacture Buenos Aires :
Name of producer, publisher, distributor, manufacturer Lexis Nexis
Date of production, publication, distribution, manufacture, or copyright notice 2005
300 ## - PHYSICAL DESCRIPTION
Extent 474 p.
Dimensions 22 cm.
505 ## - FORMATTED CONTENTS NOTE
Formatted contents note 1. La realidad política - 2. El conocimiento político - 3. Los factores geográficos - 4. Los factores sociopsicológicos - 5. Los factores económicos - 6. Los factores historicoculturales - 7. El poder politico - 8. Las fuerzas políticas - 9. La dinámica política - 10. El estado, institución-cuerpo - 11. La constitución, institución-norma; las instituciones-órgano del estado - 12. Centralización y descentralización - 13. Continuidad y discontinuidad constitucional - 14. Formas de gobierno y regímenes políticos - 15. Relaciones entre Estado y derecho. Estado de derecho - 16. El constitucionalismo. Historia y caracteres - 17. Constitucionalismo y democracia. "Democracia constitucional" - 18. "Democracia constitucional" Representación y participación
590 ## - LOCAL NOTE (RLIN)
Local note niveau_biblio:m niveau_hierar:0
856 41 - ELECTRONIC LOCATION AND ACCESS
Uniform Resource Identifier <a href="https://biblioeco.unsa.edu.ar/pmb/images/libros/Manual de Derecho Politico.jpg">https://biblioeco.unsa.edu.ar/pmb/images/libros/Manual de Derecho Politico.jpg</a>
Link text Imagen de portada
Electronic format type image/jpeg
942 ## - ADDED ENTRY ELEMENTS (KOHA)
Koha item type
Existencias
Withdrawn status Lost status Damaged status Not for loan Home library Current library Shelving location Date acquired Total checkouts Full call number Barcode Date last seen Price effective from Koha item type
        Biblioteca Prof. Eusebio Cleto del Rey Biblioteca Prof. Eusebio Cleto del Rey   07/04/2026   342.1 L864 3ed. L119145 07/04/2026 07/04/2026 Libro
        Biblioteca Prof. Eusebio Cleto del Rey Biblioteca Prof. Eusebio Cleto del Rey   07/04/2026   342.1 L864 3ed. L119146 07/04/2026 07/04/2026 Libro
        Biblioteca Prof. Eusebio Cleto del Rey Biblioteca Prof. Eusebio Cleto del Rey   07/04/2026   342.1 L864 3ed. L119149 07/04/2026 07/04/2026 Libro
        Biblioteca Prof. Eusebio Cleto del Rey Biblioteca Prof. Eusebio Cleto del Rey   07/04/2026   342.1 L864 3ed. L119148 07/04/2026 07/04/2026 Libro
        Biblioteca Prof. Eusebio Cleto del Rey Biblioteca Prof. Eusebio Cleto del Rey   07/04/2026   342.1 L864 3ed. L119147 07/04/2026 07/04/2026 Libro